Uit welke woonplaats komen deze voetbalclubs? - Statistics

General Stats
  • This quiz has been taken 142 times
  • The average score is 22 of 33
Answer Stats
Club Answer? % Correct
Ajax Amsterdam
100%
AFC Amsterdam
100%
Excelsior Rotterdam
98%
Feyenoord Rotterdam
98%
Sparta Rotterdam
98%
AZ Alkmaar
94%
PSV Eindhoven
94%
ADO Den Haag
93%
PEC Zwolle
92%
Fortuna Sittard
91%
NAC Breda
89%
NEC Nijmegen
86%
RKC Waalwijk
82%
Heracles Almelo
79%
MVV Maastricht
79%
VVV Venlo
79%
Go Ahead Eagles Deventer
75%
Willem II Tilburg
73%
FC Twente Enschede
71%
Roda JC Kerkrade
67%
Cambuur Leeuwarden/Ljouwert
63%
TOP Oss
63%
De Graafschap Doetinchem
54%
Excelsior M Maassluis
46%
Telstar Velsen-Zuid
44%
Quick Boys Katwijk aan Zee
39%
Koninklijke HFC Haarlem
36%
HHC Hardenberg
25%
GVVV Veenendaal
24%
ACV Assen
21%
De Treffers Groesbeek
20%
VV IJsselmeervogels Bunschoten
14%
Kozakken Boys Werkendam
13%
No matching quizzes found
Score Distribution
Percent of People with Each Score
Percentile by Number Answered
Your Score History
You have not taken this quiz